LIBRARY & INFORMATION CENTRE, KCAET, TAVANUR

ONLINE PUBLIC ACCESS CATALOGUE (OPAC)

Bio-gas technology: A study of community bio-gas plant / (Record no. 9691)

MARC details
000 -LEADER
fixed length control field 00482cam a2200181ua 4500
020 ## - INTERNATIONAL STANDARD BOOK NUMBER
ISBN 81-7024-028-X
041 ## - LANGUAGE CODE
Language code of text/sound track or separate title eng
082 ## - DEWEY DECIMAL CLASSIFICATION NUMBER
Classification number 665.776
Item number VEE/BI
100 ## - MAIN ENTRY--AUTHOR NAME
Personal name Veena, D R .
245 ## - TITLE STATEMENT
Title Bio-gas technology: A study of community bio-gas plant /
250 ## - EDITION STATEMENT
Edition statement 1 /
260 ## - PUBLICATION, DISTRIBUTION, ETC. (IMPRINT)
Place of publication New Delhi :
Name of publisher Ashish Publishing House ,
Year of publication 1986.
300 ## - PHYSICAL DESCRIPTION
Number of Pages 94 ; .
942 ## - ADDED ENTRY ELEMENTS (KOHA)
Koha item type Books
Holdings
Withdrawn status Lost status Damaged status Home library Current library Date acquired Full call number Accession Number Koha item type
      KAUAET KAUAET 07/04/2012 665.776 15876 Books
free website counter